Модуль первичной обработки сигналов; Современные техника и технологии; Т. 1

Detalles Bibliográficos
Parent link:Современные техника и технологии: сборник трудов XVIII международной научно-практической конференции студентов, аспирантов и молодых ученых, Томск, 9-13 апреля 2012 г/ Национальный исследовательский Томский политехнический университет (ТПУ).— , 2012
Т. 1.— 2012.— [С. 167-168]
Autor principal: Бибасаров Д. С.
Otros Autores: Ким В. Л. Валерий Львович (научный руководитель)
Sumario:Заглавие с титульного листа
Lenguaje:ruso
Publicado: 2012
Colección:Секция 1. Электроэнергетика
Materias:
Acceso en línea:http://www.lib.tpu.ru/fulltext/v/Conferences/2012/C2/V1/v1_081.pdf
Formato: MixedMaterials Electrónico Capítulo de libro
KOHA link:https://koha.lib.tpu.ru/cgi-bin/koha/opac-detail.pl?biblionumber=221668

MARC

LEADER 00000naa2a2200000 4500
001 221668
005 20260210155609.0
035 |a (RuTPU)RU\TPU\book\241844 
035 |a RU\TPU\book\241100 
090 |a 221668 
100 |a 20120913d2012 k y0rusy50 ca 
101 0 |a rus 
102 |a RU 
135 |a drnn ---uucaa 
181 0 |a i  
182 0 |a b 
200 1 |a Модуль первичной обработки сигналов  |f Д. С. Бибасаров  |g науч. рук. В. Л. Ким 
203 |a Текст  |c электронный 
215 |a 1 файл (833 Кб) 
225 1 |a Секция 1. Электроэнергетика 
300 |a Заглавие с титульного листа 
320 |a [Библиогр.: с. 168 (3 назв.)] 
337 |a Adobe Reader 
461 1 |0 (RuTPU)RU\TPU\book\240890  |t Современные техника и технологии  |o сборник трудов XVIII международной научно-практической конференции студентов, аспирантов и молодых ученых, Томск, 9-13 апреля 2012 г  |o в 3 т.  |f Национальный исследовательский Томский политехнический университет (ТПУ)  |d 2012 
463 1 |0 (RuTPU)RU\TPU\book\240891  |t Т. 1  |v [С. 167-168]  |d 2012 
610 1 |a труды учёных ТПУ 
610 1 |a электронный ресурс 
610 1 |a термоядерный синтез 
610 1 |a токамаки 
610 1 |a теплоустойчивые сплавы 
610 1 |a вакуумные камеры 
610 1 |a сигналы 
610 1 |a обработка 
700 1 |a Бибасаров  |b Д. С. 
702 1 |a Ким  |b В. Л.  |c специалист в области информатики и вычислительной техники  |c профессор Томского политехнического университета, доктор технических наук  |f 1950-  |g Валерий Львович  |4 727 
801 2 |a RU  |b 63413507  |c 20180911  |g RCR 
856 4 |u http://www.lib.tpu.ru/fulltext/v/Conferences/2012/C2/V1/v1_081.pdf 
942 |c CF